zpět

Detail výsledku týmu

Burgr's Club, Lednice

Datum a čas kvízu

32 Celkem bodů Celkový počet nahraných bodů na tomto kvízu bez doplňovacích otázek.
4. Pořadí na kvízu Konečné umístění týmu na tomto kvízu.

Zaznamenané odpovědi

# Otázka Odpověď Body Výsledky
1. Jedna kavárna na Šumavě zařadi... o smažený sýr 1
2. Kterým dvěma politikům praskla... Andrej Babiš, Emmanuel Macron 0.5
3. „Mí rodiče celý můj život kont... Beckhamových 1
4. Minulý týden se měnilo pořadí... Michal Strnad 1
5. Rvačky nejsou v NHL ničím neob... Florida Panthers, San Jose Sharks 0.5
6. Jak se jmenuje horolezec, jenž... Radek Jaroš 0
7. Jak se trojslovně jmenuje disc... lezení na obtížnost 0
8. Jak se jedním slovem nazývá ho... mačky 1
9. Za půl bodu napište jméno ikon... Matterhorn, Švýcarsko a Itálie 1
10. Jak se jmenuje fenomenální slo... B) Janja Garnbret 0